000 00715nam a2200253Ia 4500
003 OSt
005 20220926020125.0
006 a|||||r|||| 00| 0
007 ta
008 220923b |||||||| |||| 00| 0 eng d
037 _cGeneral Book
040 _aRTL
_cRTL
_beng
041 _2eng
_aeng
082 _aY15-49.5.N7, L8
100 _aTilly Louise A
_9292259
245 0 _aWomen, work and family
260 _aNew York
_bRinehart and Winston
_c1978
300 _axiv,274p
_ccm.
500 _aBibliography: p 257-268
650 _aWorking Women
700 _a Scott Jean W
_9323617
942 _hY15-49.5.N7, L8
_cGB
_2CC
999 _c633337
_d633337